MARC

Tag First Indicator Second Indicator Subfields
LEADER 00000cam a2200000 i 4500
001 in00004635996
006 m o d
007 cr cnu---unuuu
008 211221s2016 ag a ob 000 0deng d
005 20230103223606.0
035 |a (OCoLC)on1289621884 
040 |a JSTOR  |b eng  |e rda  |e pn  |c JSTOR  |d OCLCO  |d OCLCQ  |d OCLCO 
020 |a 9789877222012  |q (electronic bk.) 
020 |a 9877222019  |q (electronic bk.) 
035 |a (OCoLC)1289621884 
037 |a 22573/ctv252tgcv  |b JSTOR 
043 |a cl----- 
050 4 |a HN110.5.A8  |b N67 2016eb 
072 7 |a SOC  |x 026000  |2 bisacsh 
082 0 4 |a 306.098  |2 23 
049 |a TXAM 
245 0 0 |a Norwegian social thought on Latin America /  |c editor, Benedicte Bull ; Steiner Sæther [and 11 others]. 
250 |a First edition. 
264 1 |a Ciudad de Buenos Aires, Argentina :  |b CLACSO,  |c August 2016. 
300 |a 1 online resource (245 pages) :  |b illustrations 
336 |a text  |b txt  |2 rdacontent 
337 |a computer  |b c  |2 rdamedia 
338 |a online resource  |b cr  |2 rdacarrier 
490 1 |a Anthologies of the Latin American and Caribbean social thought collection. Distant perspectives series 
504 |a Includes bibliographical references. 
505 0 |a Norwegian social thought on Latin America / Benedicte Bull -- Exploring exotic pasts : Norwegian scholars' work on Latin America before 1960 / Steinar A. Sæther -- Studies of the Latin American left from a Norwegian perspective / Vegard Bye -- Norwegian imaginaries of peace and Latin America / Roy Krøvel -- Development studies from dependency to inequality / Benedicte Bull -- Rural and agrarian studies / Mariel Aguilar-Støen and Kristi-Anne Stølen -- Norwegian research on human rights and justice in Latin America / Elin Skaar and Jemima García-Godos -- Rokkan in the Andes / Einar Berntzen, Marcus Buck and Leiv Marsteintredet -- The attractions of indigenous peoples / Stener Ekern. 
588 0 |a Print version record. 
651 0 |a Latin America  |x Social conditions. 
651 0 |a Latin America  |x Politics and government. 
651 6 |a Amérique latine  |x Conditions sociales. 
651 6 |a Amérique latine  |x Politique et gouvernement. 
650 7 |a SOCIAL SCIENCE  |x Sociology  |x General.  |2 bisacsh 
650 7 |a Social conditions.  |2 fast  |0 (OCoLC)fst01919811 
650 7 |a Politics and government.  |2 fast  |0 (OCoLC)fst01919741 
650 7 |a Scholars.  |2 fast  |0 (OCoLC)fst01106878 
650 7 |a Critical thinking.  |2 fast  |0 (OCoLC)fst00883692 
651 7 |a Latin America.  |2 fast  |0 (OCoLC)fst01245945 
651 7 |a Caribbean Area.  |2 fast  |0 (OCoLC)fst01244080 
655 7 |a Electronic books.  |2 local 
700 1 |a Bull, Benedicte,  |d 1969-  |e editor. 
700 1 |a Sæther, Steinar A.,  |e contributor. 
710 2 |a JSTOR (Organization) 
776 0 8 |i Print version:  |t Norwegian social thought on Latin America.  |b First edition.  |d Ciudad de Buenos Aires, Argentina : CLACSO, August 2016  |w (DLC) 2018435480  |w (OCoLC)1088601633 
830 0 |a Anthologies of the Latin American and Caribbean social thought collection.  |p Distant perspectives series. 
856 4 0 |u https://www.jstor.org/stable/10.2307/j.ctv253f5q5  |z Connect to the full text of this electronic book  |t 0 
955 |a JSTOR Open Access ebooks 
994 |a 92  |b TXA 
999 f f |s dd2292ed-1e4b-443f-961a-eef7e9351215  |i f76fb7cd-6368-4dfc-93ca-ba184e203254  |t 0 
952 f f |a Texas A&M University  |b College Station  |c Electronic Resources  |d Available Online  |t 0  |e HN110.5.A8 N67 2016eb  |h Library of Congress classification 
998 f f |a HN110.5.A8 N67 2016eb  |t 0  |l Available Online